|
|
|
|
| LEADER |
01603nam a22002777a 4500 |
| 001 |
12912 |
| 003 |
BD-DhAAL |
| 005 |
20211024121518.0 |
| 008 |
141206s2002 bg ||||| |||| 00| 0 mul d |
| 999 |
|
|
|c 33225
|d 33225
|
| 020 |
|
|
|a 9846060009
|
| 040 |
|
|
|a BD-DhAAL
|c BD-DhAAL
|
| 082 |
|
|
|2 22
|a 954.9/205
|
| 245 |
|
|
|a গণমাধ্যমে বাংলাদেশের মুক্তিযুদ্ধ :
|b কার্টুন,
|c সংকলন ও সম্পাদনা রিয়াজ আহমেদ,
|n প্রথম খণ্ড
|
| 246 |
|
|
|a Media and the liberation war of Bangladesh /
|b cartoon /Compiled and edited by Reaz Ahmed
|
| 260 |
|
|
|a ঢাকা :
|b বাংলাদেশ চর্চা,
|c ২০০২
|
| 300 |
|
|
|a ৩০০ পৃষ্ঠা :
|b চিত্র ;
|c ২০ সে. মি.
|
| 526 |
|
|
|a BIED
|
| 541 |
|
|
|a Complimentary copy from BIED
|e 12912, 35562
|
| 650 |
|
|
|a Bangladesh
|x History
|x Revolution,
|y 1971.
|9 6077
|
| 651 |
|
|
|a বাংলাদেশ
|x ইতিহাস
|x মুক্তিযুদ্ধ,
|y ১৯৭১.
|9 42187
|
| 700 |
|
|
|a আহমেদ, রিয়াজ
|9 6577
|
| 852 |
|
|
|a Ayesha Abed Library
|c Bongabandhu Corner
|
| 942 |
|
|
|2 ddc
|c BK
|
| 952 |
|
|
|0 0
|1 0
|2 ddc
|4 0
|6 954_900000000000000_205_GAN
|7 0
|9 44350
|a BRACUL
|b BRACUL
|c BNC
|d 2014-12-06
|l 1
|m 29
|o 954.9205 GAN
|p 3010012912
|r 2015-10-19
|s 2015-03-18
|t 1
|w 2014-12-06
|y BK
|
| 952 |
|
|
|0 0
|1 0
|2 ddc
|4 0
|6 954_920500000000000_GAN
|7 0
|9 69407
|a BRACUL
|b BRACUL
|c GEN
|d 2021-10-24
|e Complimentary copy from BIED
|l 0
|o 954.9205 GAN
|p 3010035562
|r 2021-10-24
|t 2
|w 2021-10-24
|y BK
|x Transferred from BIED to General Stacks
|